| 000 | 00858nam a2200325Ia 4500 | ||
|---|---|---|---|
| 008 | 160803s9999 xx 000 0 und d | ||
| 020 | _a9781416982722 (pbk.) | ||
| 100 | _aHolub, Joan | ||
| 245 | _aPersephone the phony / | ||
| 245 | _cJoan Holub and Suzanne Williams. | ||
| 250 | _aFirst Aladdin paperback edition. | ||
| 260 | _aNew York : | ||
| 260 | _bScholastic Inc. | ||
| 260 | _c2010 | ||
| 300 | _a137 pages ; | ||
| 300 | _c20 cm. | ||
| 440 | _aGoddess girls ; | ||
| 440 | _vbk. 2 | ||
| 650 | _aGoddesses, Greek -- | ||
| 650 | _aHades (Greek deity) -- | ||
| 650 | _aMythology, Greek -- | ||
| 650 | _aPersephone (Greek deity) -- | ||
| 650 | _aPersephone (Greek deity) -- | ||
| 650 | _xFiction. | ||
| 650 | _xFiction. | ||
| 650 | _xFiction. | ||
| 650 | _xFiction. | ||
| 650 | _xJuvenile fiction. | ||
| 700 | _a690 | ||
| 999 |
_c299841 _d299841 |
||